00854cam a2200217 a 450000100100000000500170001000800410002704000250006808200200009310000420011324501370015526000600029230000320035249000240038450400500040865100490045865100500050770000300055770000250058783000240061200000697520200929154033.0850618s1984 nq b b 001 0 spa  aDO-SdBNPbspacBNPHU a320.7285bS217p1 aSandino, Augusto César,d1895-1934.13aEl pensamiento vivo /cAugusto César Sandino ; introducción, selección y notas de Sergio Ramírez ; edición Manuel Mejía. aManagua, Nicaragua :bEditorial Nueva Nicaragua,c1984. a2 v. :bil., mapa ;c21 cm.1 aPensamiento vivov4 aIncluye referencias bibliográficas (p. 513) 4aNicaraguaxPolítica Y Gobiernoy1909-1937. 0aNicaraguaxHistoriayREVOLUCIÓN, 1926-1929.1 aRamírez, Sergio,d1942-1 aMejía, Manueleed. 0aPensamiento vivon4